000 00256nam a22001217a 4500
040 _cSY
082 _a363
100 _aDOUGLAS HOLTZ-EAKIN
245 _aThe economics of climate change:a primer
260 _aRUA
_bDOU
_c2003
300 _a65p.
942 _cEK
999 _c9915
_d9915